000 00365pam a2200157a 44500
008 230405s1967 xxu||||| |||| 00| 0 eng d
041 _aENG
100 _aFenwick,Charles
245 _aInternational Law
260 _aDELHI
_bVikas Pub. House
_c1967
300 _a849p.
440 _aSource =RATANAKAR MIRAJ
650 _aLAW
690 _aLAW
906 _a1558
999 _c781782
_d781782